000 00345nam a2200109Ia 4500
008 231120s2022 xx 000 0 und d
041 _aeng
100 _aELEANOR LONGHURST
245 _a11 STEP WATERCOLOUR FLOWERS & PLANTS : PAINT 25 BEAUTIFULLY DETAILED FLOWERS IN 10 EASY STEPS
260 _aSEARCH PRESS
_bSEARCH PRESS
_c2022
300 _aP-128
999 _c933672
_d933672